<?xml version="1.0" encoding="UTF-8"?>
<record
    xmlns:xsi="http://www.w3.org/2001/XMLSchema-instance"
    xsi:schemaLocation="http://www.loc.gov/MARC21/slim http://www.loc.gov/standards/marcxml/schema/MARC21slim.xsd"
    xmlns="http://www.loc.gov/MARC21/slim">

  <leader>02408nam a22002537a 4500</leader>
  <controlfield tag="001">6563</controlfield>
  <controlfield tag="003">FISKH</controlfield>
  <controlfield tag="005">20250521081744.0</controlfield>
  <controlfield tag="008">250512b        cb ||||| |||| 00| 0 eng d</controlfield>
  <datafield tag="020" ind1=" " ind2=" ">
    <subfield code="a">9789996333279</subfield>
  </datafield>
  <datafield tag="040" ind1=" " ind2=" ">
    <subfield code="a">FISKH</subfield>
    <subfield code="b">khr</subfield>
    <subfield code="c">FISKH</subfield>
    <subfield code="d">FISKH</subfield>
  </datafield>
  <datafield tag="082" ind1=" " ind2=" ">
    <subfield code="a">900</subfield>
  </datafield>
  <datafield tag="100" ind1=" " ind2=" ">
    <subfield code="a">Sokheng, Kong</subfield>
  </datafield>
  <datafield tag="245" ind1=" " ind2=" ">
    <subfield code="a">&#x179F;&#x17B7;&#x1780;&#x17D2;&#x179F;&#x17B6;&#x17A2;&#x178F;&#x17D2;&#x1790;&#x1794;&#x1791; &#x17A2;&#x1780;&#x17D2;&#x179F;&#x179A;&#x179F;&#x17B7;&#x179B;&#x17D2;&#x1794;&#x17CF;&#x1781;&#x17D2;&#x1798;&#x17C2;&#x179A; /</subfield>
    <subfield code="c">&#x179B;&#x17C4;&#x1780; &#x1782;&#x1784;&#x17CB; &#x179F;&#x17BB;&#x1781;&#x17A0;&#x17C1;&#x1784; </subfield>
  </datafield>
  <datafield tag="250" ind1=" " ind2=" ">
    <subfield code="a">&#x1794;&#x17C4;&#x17C7;&#x1796;&#x17BB;&#x1798;&#x17D2;&#x1796;&#x179B;&#x17BE;&#x1780;&#x1791;&#x17B8;&#x17E3;</subfield>
  </datafield>
  <datafield tag="260" ind1=" " ind2=" ">
    <subfield code="a">&#x1797;&#x17D2;&#x1793;&#x17C6;&#x1796;&#x17C1;&#x1789; :</subfield>
    <subfield code="b">&#x179A;&#x17C4;&#x1784;&#x1796;&#x17BB;&#x1798;&#x17D2;&#x1796;&#x1796;&#x17C1;&#x1787;&#x17D2;&#x179A;&#x178E;&#x17C2;&#x178F; ,</subfield>
    <subfield code="c">2015.</subfield>
  </datafield>
  <datafield tag="300" ind1=" " ind2=" ">
    <subfield code="a">601 pages :</subfield>
    <subfield code="b">illustrations ;</subfield>
    <subfield code="c">20 cm .</subfield>
  </datafield>
  <datafield tag="520" ind1=" " ind2=" ">
    <subfield code="a">&#x179F;&#x17C0;&#x179C;&#x1797;&#x17C5; &#x201C;&#x179F;&#x17B7;&#x1780;&#x17D2;&#x179F;&#x17B6;&#x17A2;&#x178F;&#x17D2;&#x1790;&#x1794;&#x1791; &#x17A2;&#x1780;&#x17D2;&#x179F;&#x179A;&#x179F;&#x17B7;&#x179B;&#x17D2;&#x1794;&#x17CD;&#x1781;&#x17D2;&#x1798;&#x17C2;&#x179A;&#x201D; &#x178A;&#x17C4;&#x1799;&#x179B;&#x17C4;&#x1780; &#x1782;&#x1784;&#x17CB; &#x179F;&#x17BB;&#x1781;&#x17A0;&#x17C1;&#x1784; &#x1782;&#x17BA;&#x1787;&#x17B6;&#x1792;&#x1793;&#x1792;&#x17B6;&#x1793;&#x17A2;&#x1794;&#x17CB;&#x179A;&#x17C6;&#x178A;&#x17C2;&#x179B;&#x1798;&#x17B6;&#x1793;&#x1782;&#x17C4;&#x179B;&#x1794;&#x17C6;&#x178E;&#x1784;&#x1794;&#x1784;&#x17D2;&#x1780;&#x17BE;&#x1793;&#x1780;&#x17B6;&#x179A;&#x1799;&#x179B;&#x17CB;&#x178A;&#x17B9;&#x1784;&#x179A;&#x1794;&#x179F;&#x17CB;&#x179F;&#x17B7;&#x179F;&#x17D2;&#x179F;&#x1785;&#x17C6;&#x1796;&#x17C4;&#x17C7;&#x17A2;&#x1780;&#x17D2;&#x179F;&#x179A;&#x179F;&#x17B7;&#x179B;&#x17D2;&#x1794;&#x17CD;&#x1781;&#x17D2;&#x1798;&#x17C2;&#x179A;&#x17D4; &#x179C;&#x17B6;&#x1794;&#x1784;&#x17D2;&#x17A0;&#x17B6;&#x1789;&#x1796;&#x17B8;&#x1780;&#x17B6;&#x179A;&#x179C;&#x17B7;&#x1797;&#x17B6;&#x1782;&#x1799;&#x17C9;&#x17B6;&#x1784;&#x1787;&#x17D2;&#x179A;&#x17C5;&#x179B;&#x17BE;&#x17A2;&#x178F;&#x17D2;&#x1790;&#x1794;&#x1791;&#x17A2;&#x1780;&#x17D2;&#x179F;&#x179A;&#x179F;&#x17B7;&#x179B;&#x17D2;&#x1794;&#x17CD;&#x1787;&#x17B6;&#x1785;&#x17D2;&#x179A;&#x17BE;&#x1793; &#x178A;&#x17C4;&#x1799;&#x1795;&#x17D2;&#x178F;&#x179B;&#x17CB;&#x1793;&#x17BC;&#x179C;&#x1799;&#x179B;&#x17CB;&#x1783;&#x17BE;&#x1789;&#x17A2;&#x17C6;&#x1796;&#x17B8;&#x1794;&#x179A;&#x17B7;&#x1794;&#x1791;&#x1794;&#x17D2;&#x179A;&#x179C;&#x178F;&#x17D2;&#x178F;&#x17B7;&#x179F;&#x17B6;&#x179F;&#x17D2;&#x179A;&#x17D2;&#x178F; &#x1793;&#x17B7;&#x1784;&#x179C;&#x1794;&#x17D2;&#x1794;&#x1792;&#x1798;&#x17CC;&#x179A;&#x1794;&#x179F;&#x17CB;&#x179C;&#x17B6;&#x17D4; &#x179F;&#x17C0;&#x179C;&#x1797;&#x17C5;&#x1793;&#x17C1;&#x17C7;&#x1787;&#x17B6;&#x1780;&#x17B6;&#x179A;&#x1794;&#x17D2;&#x179A;&#x1798;&#x17BC;&#x179B;&#x1795;&#x17D2;&#x178F;&#x17BB;&#x17C6;&#x178A;&#x17C2;&#x179B;&#x1798;&#x17B6;&#x1793;&#x178F;&#x1798;&#x17D2;&#x179B;&#x17C3;&#x179F;&#x1798;&#x17D2;&#x179A;&#x17B6;&#x1794;&#x17CB;&#x179F;&#x17B7;&#x179F;&#x17D2;&#x179F; &#x1782;&#x17D2;&#x179A;&#x17BC;&#x1794;&#x1784;&#x17D2;&#x179A;&#x17C0;&#x1793; &#x1793;&#x17B7;&#x1784;&#x17A2;&#x17D2;&#x1793;&#x1780;&#x179F;&#x17D2;&#x179A;&#x179B;&#x17B6;&#x1789;&#x17CB;&#x17A2;&#x1780;&#x17D2;&#x179F;&#x179A;&#x179F;&#x17B7;&#x179B;&#x17D2;&#x1794;&#x17CD; &#x178A;&#x17C2;&#x179B;&#x1785;&#x17B6;&#x1794;&#x17CB;&#x17A2;&#x17B6;&#x179A;&#x1798;&#x17D2;&#x1798;&#x178E;&#x17CD;&#x179B;&#x17BE;&#x1798;&#x179A;&#x178F;&#x1780;&#x17A2;&#x1780;&#x17D2;&#x179F;&#x179A;&#x179F;&#x17B7;&#x179B;&#x17D2;&#x1794;&#x17CD;&#x178A;&#x17CF;&#x179F;&#x1798;&#x17D2;&#x1794;&#x17BC;&#x179A;&#x1794;&#x17C2;&#x1794;&#x179A;&#x1794;&#x179F;&#x17CB;&#x1780;&#x1798;&#x17D2;&#x1796;&#x17BB;&#x1787;&#x17B6;&#x17D4;</subfield>
  </datafield>
  <datafield tag="520" ind1=" " ind2=" ">
    <subfield code="a">The book "Study of Khmer Literature" by Kong Sokheng is an educational resource designed to enhance students' understanding of Khmer literature. It offers an in-depth exploration of various literary works, providing insights into their historical and cultural contexts. This compilation serves as a valuable tool for students, educators, and literature enthusiasts interested in the rich literary heritage of Cambodia.</subfield>
  </datafield>
  <datafield tag="650" ind1=" " ind2=" ">
    <subfield code="a">&#x1791;&#x17BB;&#x17C6;&#x1791;&#x17B6;&#x179C;&#x200B;</subfield>
    <subfield code="v">&#x17A2;&#x1780;&#x17D2;&#x179F;&#x179A;&#x179F;&#x17B7;&#x179B;&#x17D2;&#x1794;&#x17CF;&#x1781;&#x17D2;&#x1798;&#x17C2;&#x179A;&#x200B;</subfield>
  </datafield>
  <datafield tag="650" ind1=" " ind2=" ">
    <subfield code="a">Tomteav</subfield>
    <subfield code="v">Khmer Literature </subfield>
  </datafield>
  <datafield tag="942" ind1=" " ind2=" ">
    <subfield code="2">ddc</subfield>
    <subfield code="c">KHB</subfield>
    <subfield code="n">0</subfield>
  </datafield>
  <datafield tag="999" ind1=" " ind2=" ">
    <subfield code="c">6563</subfield>
    <subfield code="d">6563</subfield>
  </datafield>
  <datafield tag="952" ind1=" " ind2=" ">
    <subfield code="0">0</subfield>
    <subfield code="1">0</subfield>
    <subfield code="2">ddc</subfield>
    <subfield code="4">0</subfield>
    <subfield code="7">0</subfield>
    <subfield code="8">KH</subfield>
    <subfield code="a">002</subfield>
    <subfield code="b">002</subfield>
    <subfield code="c">SKB</subfield>
    <subfield code="d">2025-05-12</subfield>
    <subfield code="l">0</subfield>
    <subfield code="o">SOK 900</subfield>
    <subfield code="p">FISSE02131</subfield>
    <subfield code="r">2025-05-12 09:29:54</subfield>
    <subfield code="t">1</subfield>
    <subfield code="w">2025-05-12</subfield>
    <subfield code="y">KHB</subfield>
  </datafield>
  <datafield tag="952" ind1=" " ind2=" ">
    <subfield code="0">0</subfield>
    <subfield code="1">0</subfield>
    <subfield code="2">ddc</subfield>
    <subfield code="4">0</subfield>
    <subfield code="7">0</subfield>
    <subfield code="8">KH</subfield>
    <subfield code="a">002</subfield>
    <subfield code="b">002</subfield>
    <subfield code="c">SKB</subfield>
    <subfield code="d">2025-05-12</subfield>
    <subfield code="l">0</subfield>
    <subfield code="o">SOK 900</subfield>
    <subfield code="p">FISSE02138</subfield>
    <subfield code="r">2025-05-12 09:30:57</subfield>
    <subfield code="t">2</subfield>
    <subfield code="w">2025-05-12</subfield>
    <subfield code="y">KHB</subfield>
  </datafield>
  <datafield tag="952" ind1=" " ind2=" ">
    <subfield code="0">0</subfield>
    <subfield code="1">0</subfield>
    <subfield code="2">ddc</subfield>
    <subfield code="4">0</subfield>
    <subfield code="7">0</subfield>
    <subfield code="8">KH</subfield>
    <subfield code="a">002</subfield>
    <subfield code="b">002</subfield>
    <subfield code="c">SKB</subfield>
    <subfield code="d">2025-05-12</subfield>
    <subfield code="l">0</subfield>
    <subfield code="o">SOK 900</subfield>
    <subfield code="p">FISSE02147</subfield>
    <subfield code="r">2025-05-12 09:31:13</subfield>
    <subfield code="t">3</subfield>
    <subfield code="w">2025-05-12</subfield>
    <subfield code="y">KHB</subfield>
  </datafield>
</record>
